| 000 | 01286nam a2200301Ia 4500 | ||
|---|---|---|---|
| 001 | ebr10288391 | ||
| 003 | CaPaEBR | ||
| 006 | m u | ||
| 007 | cr cn||||||||| | ||
| 008 | 080625s2009 enka sb 001 0 eng d | ||
| 010 | _z 2008028322 | ||
| 020 | _z9780195378504 (hardback : alk. paper) | ||
| 020 | _z0195378504 (hardback : alk. paper) | ||
| 040 |
_aCaPaEBR _cCaPaEBR |
||
| 035 | _a(OCoLC)368242636 | ||
| 050 | 1 | 4 |
_aR725.59 _b.S33 2009eb |
| 100 | 1 |
_aSachedina, Abdulaziz Abdulhussein, _d1942- |
|
| 245 | 1 | 0 |
_aIslamic biomedical ethics _h[electronic resource] : _bprinciples and application / _cAbdulaziz Sachedina. |
| 260 |
_aOxford ; _aNew York : _bOxford University Press, _c2009. |
||
| 300 |
_aviii, 280 p. : _bill. |
||
| 504 | _aIncludes bibliographical references (p. 265-272) and index. | ||
| 533 |
_aElectronic reproduction. _bPalo Alto, Calif. : _cebrary, _d2009. _nAvailable via World Wide Web. _nAccess may be limited to ebrary affiliated libraries. |
||
| 650 | 0 |
_aMedical ethics _xReligious aspects _xIslam. |
|
| 650 | 0 |
_aBioethics _xReligious aspects _xIslam. |
|
| 655 | 7 |
_aElectronic books. _2local |
|
| 710 | 2 | _aebrary, Inc. | |
| 856 | 4 | 0 |
_uhttp://site.ebrary.com/lib/rucke/Doc?id=10288391 _zAn electronic book accessible through the World Wide Web; click to view |
| 999 |
_c420 _d420 |
||